[Event "GER-ch 86th"]
[Site "Saarbruecken"]
[Date "2015.12.08"]
[Round "6"]
[White "Poetsch, Hagen"]
[Black "Bischoff, Klaus"]
[Result "0-1"]
[WhiteElo "2514"]
[BlackElo "2497"]
[Annotator "Fischer,J"]
[PlyCount "80"]
[EventDate "2015.12.03"]
[EventType "swiss"]
[EventRounds "9"]
[EventCountry "GER"]
[SourceTitle "CBM 169 Extra"]
[Source "ChessBase"]
[SourceDate "2015.12.18"]
[SourceVersion "1"]
[SourceVersionDate "2015.12.18"]
[SourceQuality "1"]

1. e4 Nf6 2. e5 Nd5 3. d4 d6 4. Nf3 Bg4 5. Be2 e6 6. h3 Bh5 7. c4 Nb6 8. exd6
cxd6 9. d5 exd5 10. cxd5 Be7 11. Nc3 Bxf3 12. Bxf3 O-O 13. O-O N8d7 14. a4 Rc8
15. Be2 a6 16. a5 Nc4 17. Qa4 Nce5 18. Be3 Nc5 19. Qb4 Ned7 20. Rfc1 Bg5 21. f4
{Schwächt die Königsstellung.} ({Solider war} 21. Nd1) 21... Bf6 22. Bg4 Re8
23. Bxc5 {Weiß spielt weiter aktiv, aber schwächt die schwarzen Felder noch
mehr.} Rxc5 24. Qxb7 Bd4+ 25. Kh1 Nf6 26. Bf3 Rxa5 27. Qb4 Rxa1 28. Rxa1 Bc5
29. Qc4 a5 {Schwarz hat den Bauern zurückgewonnen und die Initiative
übernommen.} 30. Na4 Bb4 31. Qd4 Nd7 32. Qa7 g6 33. Bg4 Nf6 34. Bf3 Ne4 35.
Qd4 Nd2 36. Qd3 Qh4 37. Bg4 Qf2 ({Der Computer will hier mit} 37... Re1+ 38.
Rxe1 Qxe1+ 39. Kh2 Nf1+ 40. Kg1 Bd2 {gewinnen, aber der menschliche Partiezug
gewinnt ebenfalls. Schwarz will 38...Te3 spielen.}) 38. f5 gxf5 39. Bxf5 Re3
40. Bxh7+ Kg7 {Weiß gab auf. 41.Dc2 Te2 ist hoffnungslos.} 0-1

[Event "Buenos Aires Najdorf"]
[Site "Buenos Aires"]
[Date "1995.??.??"]
[Round "7"]
[White "De Firmian, Nick E"]
[Black "Szmetan, Jorge"]
[Result "1-0"]
[WhiteElo "2605"]
[BlackElo "2430"]
[Annotator "Giese"]
[PlyCount "83"]
[EventDate "1995.07.??"]
[EventType "tourn"]
[EventRounds "11"]
[EventCountry "ARG"]
[EventCategory "11"]
[SourceTitle "CBM 049"]
[Source "ChessBase"]
[SourceDate "1995.12.01"]
[SourceVersion "1"]
[SourceVersionDate "1995.12.01"]
[SourceQuality "1"]

1. e4 Nf6 2. e5 Nd5 3. d4 d6 4. Nf3 Bg4 5. Be2 c6 6. Ng5 Bf5 7. e6 fxe6 8. g4
Bg6 9. Bd3 Bxd3 10. Qxd3 Nf6 11. Nxe6 Qd7 12. Qe2 Kf7 13. Ng5+ Kg8 14. Rg1 Na6
15. Nc3 Nc7 16. Be3 Ncd5 17. Bd2 Re8 18. O-O-O e5 19. dxe5 Rxe5 20. Qf3 h5 21.
Nxd5 Rxd5 22. h3 hxg4 23. hxg4 Rh4 24. Qe3 Rxg4 25. f4 Rxg1 26. Rxg1 Qf5 27.
Bc3 Rc5 28. Ne6 Rc4 29. Nxg7 $1 {[%csl Gc3,Gg1,Rf5] a sacrifice for clearing
the line <->g, /^a1-h8 against bK ein Opfer zwecks Öffnung der g-Linie und der
Diagonalen a1-h8} Bxg7 30. Qe7 $1 {[%csl Rg7]} Qxf4+ 31. Kb1 $1 (31. Bd2 $2
Rxc2+ $3 32. Kxc2 Qf5+ 33. Kd1 (33. Kc1 Qc5+ $19 {[%csl Rg1]}) 33... Qh5+ 34.
Ke1 Qh4+ 35. Kd1 Qh5+ $10) 31... Qg4 (31... Qh6 32. Bxf6 Rg4 33. Qe6+ $18 {
[%csl Rg4]}) 32. Rxg4 Rxg4 33. a3 $18 {[%csl Ya7,Yb7,Yc6,Yd6]} Rg1+ 34. Ka2 Nd5
35. Qe6+ Kh7 36. Qh3+ Kg8 37. Qc8+ Kh7 38. Bd2 Nf6 39. Bc3 Nd5 40. Bd2 Nf6 41.
Qxb7 Ne4 42. Be3 1-0

[Event "RUS-ch 54th"]
[Site "Elista"]
[Date "2001.05.08"]
[Round "8"]
[White "Timofeev, Artyom"]
[Black "Tomashevsky, Evgeny"]
[Result "1/2-1/2"]
[WhiteElo "2522"]
[BlackElo "2408"]
[Annotator "Hecht,H"]
[PlyCount "148"]
[EventDate "2001.04.29"]
[EventType "swiss"]
[EventRounds "9"]
[EventCountry "RUS"]
[SourceTitle "CBM 083"]
[Source "ChessBase"]
[SourceDate "2001.07.05"]
[SourceVersion "1"]
[SourceVersionDate "2001.07.05"]
[SourceQuality "1"]

1. e4 Nf6 2. e5 Nd5 3. d4 d6 4. Nf3 Bg4 5. Be2 e6 6. c4 Nb6 7. exd6 cxd6 8. O-O
Be7 9. h3 Bh5 10. Nbd2 O-O 11. b3 Bg6 12. Bb2 Nc6 13. a3 Bf6 14. b4 e5 15. d5
Nd4 16. Nxd4 exd4 17. Qb3 Rc8 18. Rac1 Re8 19. Bd3 Nd7 20. Bxg6 hxg6 21. Nf3
Qb6 22. Rfe1 Rxe1+ 23. Rxe1 a5 24. Qa4 Qc7 25. Bxd4 axb4 26. Qxb4 Bxd4 27. Nxd4
Nf6 28. Nb5 Qxc4 29. Nxd6 Qxb4 30. axb4 Rd8 31. Nxb7 Rb8 32. Nd6 Nxd5 33. b5
Kf8 34. f3 Rd8 35. Ne4 Rb8 36. Rb1 Ke7 37. Rb3 Rb6 38. h4 f5 39. Ng5 Nc7 40.
Re3+ Kd7 41. Nf7 Rxb5 42. Ne5+ Ke6 43. Nxg6+ Kf6 {[#] 3-2 am Königsflügel. 
Nette taktische Einlage mit Springergabeln in den Varianten und im Finale.} 44.
Nf8 Rb4 45. Nd7+ Kg6 46. g3 Rd4 47. Ne5+ Kh7 48. Rb3 Ne8 49. Nc6 Rc4 50. Nd8
Nf6 51. Rb5 g6 52. Rb7+ Kg8 53. Ne6 Nh5 54. Kg2 Rc3 55. Ng5 Ra3 56. Rb6 Kg7 57.
Ne6+ Kf7 58. Nd8+ Kg7 59. Rb7+ Kf6 60. Rf7+ Ke5 61. Rf8 Ra2+ 62. Kh3 Kd4 63.
Re8 (63. Rg8 Ra6 (63... Ke3 64. Rxg6 Kxf3 65. Ne6 (65. Rg5 f4 $1 66. Rxh5 $4
Ra1 $1 $19) 65... Ra1 66. Nd4+ Ke4 67. Nb3 Rh1+ 68. Kg2 Rxh4 $1 69. Nc5+ Kd5
70. gxh4 Nf4+ 71. Kf3 Nxg6 72. h5 Ne7 $11)) 63... Ra1 64. g4 fxg4+ 65. fxg4
Ra3+ (65... Rh1+ 66. Kg2 Rxh4 $11) 66. Kh2 Ra2+ 67. Kg1 Nf4 68. Ne6+ Ke4 69.
Ng5+ Kd5 70. Kf1 Rg2 71. Rd8+ (71. Ne4 Rh2 72. Nf6+ Kd6 73. Re4 Ne6 74. g5 Ng7
75. Kg1 Ra2 $14) 71... Kc6 72. Nf3 Rxg4 73. Rd4 (73. Ne5+ Kc7 74. Rd7+ Kc8 $11)
73... Kc5 (73... Nd5 $2 74. Ne5+ Kc5 75. Rxd5+ Kxd5 76. Nxg4 Ke4 77. Kg2 g5 78.
h5 $18) 74. Ra4 Nd5 {[%csl Gg4][%cal Rd5e3]} 1/2-1/2

[Event "Prestwich"]
[Site "Prestwich"]
[Date "1990.??.??"]
[Round "4"]
[White "Sherzer, Alex"]
[Black "Burgess, Graham"]
[Result "1-0"]
[WhiteElo "2440"]
[BlackElo "2335"]
[Annotator "King,D"]
[PlyCount "43"]
[EventDate "1990.??.??"]
[EventType "tourn"]
[EventRounds "9"]
[EventCountry "ENG"]
[SourceTitle "CBM 018"]
[Source "ChessBase"]
[SourceDate "1990.10.01"]
[SourceVersion "1"]
[SourceVersionDate "1990.10.01"]
[SourceQuality "1"]

1. e4 Nf6 2. e5 Nd5 3. d4 d6 4. Nf3 Bg4 5. Be2 c6 6. O-O Bxf3 7. Bxf3 dxe5 8.
dxe5 e6 9. c4 Ne7 10. Qe2 Nd7 11. Nc3 {Normally white defends the e-pawn with
11.b3, 11.Bg4, 11.Bd2, or 11.Bf4. White had reasonable compensation for the
pawn in the game.} Qa5 12. Bf4 Ng6 13. Bg3 Ndxe5 14. Bh5 O-O-O 15. f4 Qc5+ 16.
Kh1 Nxc4 17. f5 Rd2 18. Qe1 exf5 19. b3 Qe3 20. bxc4 Qxc3 21. Rxf5 Qd4 22. Rd5
1-0

[Event "BCF-chT 9900 (4NCL)"]
[Site "Birmingham"]
[Date "2000.04.30"]
[Round "10.4"]
[White "King, Daniel J"]
[Black "Baburin, Alexander"]
[Result "1-0"]
[WhiteElo "2514"]
[BlackElo "2591"]
[Annotator "King,D"]
[PlyCount "85"]
[EventDate "1999.10.??"]
[EventType "team"]
[EventRounds "11"]
[EventCountry "ENG"]
[SourceTitle "CBM 075 Extra"]
[Source "ChessBase"]
[SourceDate "2000.05.11"]
[SourceVersion "2"]
[SourceVersionDate "2000.05.11"]
[SourceQuality "1"]
[WhiteTeam "Guildford"]
[BlackTeam "Wood Green"]
[WhiteTeamCountry "ENG"]
[BlackTeamCountry "ENG"]

1. e4 Nf6 2. e5 Nd5 3. d4 d6 4. Nf3 Bg4 5. Be2 e6 6. O-O Be7 7. h3 Bh5 8. c4
Nb6 9. Nc3 O-O 10. Be3 d5 11. cxd5 exd5 {I would like to get my kingside pawn
majority rolling, but it isn't clear how to go about doing it. After a little
thought I went for the most aggressive continuation, but throwing a pawn up in
front of the king is risky to put it mildly.} 12. g4 $5 ({Neither} 12. Ne1 {nor
}) (12. Nd2 {particularly appealed to me. I felt that after the exchange of
bishops Black would find it easier to blockade my pawns on f5 and e6. My
research after the game more or less confirmed this. For example:}) (12. Ne1
Bxe2 13. Qxe2 Nc6 14. Nd3 Qd7 15. Rad1 Nd8 16. Nc5 Qc8 17. f4 f5 18. g4 c6 19.
Kh2 Nd7 20. Nd3 Ne6 21. gxf5 Rxf5 22. Qg4 g6 23. Ne2 Ndf8 24. Ng3 Ng7 25. Nxf5
Nxf5 26. Bf2 Ne6 27. Ne1 Qd7 28. Ng2 Rf8 29. Rd3 Nh6 30. Qd1 Nf5 31. Qg4 {
1/2-1/2 Plachetka,J-Bagirov,V/Kirovakan 1978/EXT 99 (31) A solid performance
by one of the masters of the Alekhine.}) 12... Bg6 13. Ne1 f6 ({Black should
not attempt the blockade on f5 straightaway - it leaves the f4 square free for
the knight:} 13... f5 14. Nd3 c6 15. Nf4 Qd7 16. Kh2 Na6 17. Nxg6 hxg6 18. gxf5
gxf5 19. Bxa6 bxa6 20. Rg1 f4 21. Rxg7+ Kxg7 22. Qh5 Rf5 23. Rg1+ Rg5 24. Rxg5+
Bxg5 25. Qxg5+ Kh7 26. Bxf4 $16 {1-0 Ornstein,A-Alburt,L/Reykjavik 1984/MCD 
(65)}) 14. f4 fxe5 $5 {Instead of blockading on f5, Baburin is intent on
accelerating the complications.} (14... f5 {would have been steadier. It is
not easy to break down the blockade.}) 15. dxe5 c5 {Both sides roll their pawn
fronts down the board. How far can they go before coming to a standstill?} 16.
f5 Be8 17. Bf4 ({I did not seriously consider advancing the pawn again, though
it is worth a look:} 17. f6 gxf6 (17... d4 $5 18. fxe7 Rxf1+ 19. Bxf1 Qxe7 20.
Bd2 dxc3 21. Bxc3 Nc6 {is okay for Black}) 18. Bh6 fxe5 19. Bxf8 Bxf8 20. Nxd5
Nxd5 (20... Qxd5 $2 21. Qxd5+ Nxd5 22. Bc4 Bc6 23. Rd1) 21. Bc4 Bc6 22. Qf3 Na6
23. Rd1 Nac7 24. Nd3 Qd6 {and it appears that Black is holding.}) 17... Bc6 18.
Bf3 d4 19. Ne4 Nd5 20. Ng2 Nd7 ({Black would love to grab the bishop, but it
just isn't feasible here:} 20... Nxf4 21. Nxf4 {The knights are too strong.})
21. Bg3 {A rough equilibrium has been reached. Both sides find it difficult to
push their pawn majorities any further. I do not wish to play e6 as it would
allow Black to use the f6 square.} Qb6 22. b3 Rad8 23. Kh2 Kh8 24. Qd2 Qb4 25.
Qc2 Bb5 26. Rfe1 d3 {Black seizes the chance to advance the pawn a square
further, but without the support of Black's army it won't be that dangerous.}
27. Qf2 N7b6 {Black hopes to play ...c4, but in preparing it, he has bunched
his pieces on the queenside. I could have exploited their offside position by
playing 28 Bh4!, exchanging off the (potential) blockader of the e-pawn and
getting my queen to h4 with a powerful attack. Naturally, it isn't crystal
clear, but with Black's queen 'in Siberia' it is logical to go for this
continuation.  Instead, with both me and my opponent approaching the last five
minutes, I went for a randomising move:} 28. a4 Bc6 29. a5 Nd7 30. Nd2 {
I have just saddled myself with a weak b-pawn - hence this miserable retreat.}
({Nevertheless, I could have justified the a-pawn's advance if I had played} 
30. a6 {If I am going to push this pawn, it should go the whole way. After} b5
{, at least the bishop on c6 will be unprotected, restricting the d5 knight's
movement - see the game.}) 30... Bg5 31. Ne4 Be7 32. e6 $6 {A desperate
winning attempt, but unjustified. The e-pawn is securely blockaded, and the
knight can use the f6 square. Of course I realised that, but I wanted to give
my bishop a square on e5.  We both had very little time left at this point,
which explains, if not excuses, the quality of some of the following moves.}
N7f6 33. Nd2 Nc3 $1 34. Bxc6 bxc6 35. Be5 {I was pinning my hopes on this move,
giving me more control.} Nfe4 {Baburin's instinct was to remove the blockader
of the d-pawn, but during the game I was more concerned about} (35... Ne2 $5 {
setting up some unpleasant tactical threats. Moreover, the knight really puts
a spanner in the smooth(ish) workings of White's army.} 36. Nf3 ({
Unfortunately I cannot sacrifice the exchange to get rid of the d-pawn:} 36.
Rxe2 $2 dxe2 {- the knight on d2 is en prise.}) (36. Rad1 $2 Qxg4 $1 37. Bxf6
Bd6+) 36... Qxg4 37. Bxf6 Bd6+ 38. Be5 {During the game I got this far
assuming I was okay, but Black's initiative is persistent:} Qxf5 39. Bxd6 Rxd6
40. e7 Re8 {the e-pawn gets rounded up and Black has excellent compensation
for the piece: White's knights lack footholds.}) 36. Nxe4 Nxe4 37. Qb2 ({
I was not satisfied with the 'automatic' move} 37. Qf4 {as} Nd2 $5 {is tricky
to deal with.}) {A critical moment. Black's d-pawn is set to roll, but White
has created a threat on the kingside.} 37... Bf6 $2 {Helpfully removing the
blockader of the e-pawn - a panicky time pressure move.} (37... d2 38. Bxg7+ (
38. Rf1) 38... Kg8 39. Red1 (39. Rf1) 39... Nf2 40. Bxf8 Qb8+ 41. Kg1 Nxh3+ 42.
Kh1 (42. Kf1 $4 Qb5#) 42... Nf2+ 43. Kg1 Nh3+ {with a draw, was a line we
arrived at in the post mortem, but I am sure White can do better (Rf1, for
instance, prevents Nf2).}) 38. Bxf6 gxf6 (38... Rxf6 39. Qe5 $1 {is a powerful
centralising move, preparing to advance the e-pawn and covering the b8-h2
diagonal, securing White's king:} Nd2 40. Re3) 39. e7 d2 40. Red1 $2 {White
wins after this but} (40. Rxe4 Qxe4 41. exd8=Q Rxd8 42. Qxf6+ {was more
convincing.}) 40... Rfe8 (40... Qb8+ 41. Kg1 Qg3 42. exf8=Q+ Rxf8 43. Rxd2 {
is simple enough.}) 41. exd8=Q Rxd8 42. Ra4 Qb8+ (42... Qc3 43. Qxc3 Nxc3 44.
Raa1 {wins easily for White - untangling isn't difficult, especially with
Black's king stuck in the corner.}) 43. Kg1 {The struggle revolved around both
sides' passed pawns and their blockaders. I missed an opportunity to exchange
off the bishop on e7 on move 28, while Baburin missed a good shot with 35...
Ne2, sowing confusion in my camp.} 1-0

[Event "EU-ch (Women) 15th"]
[Site "Plovdiv"]
[Date "2014.07.17"]
[Round "11"]
[White "Kosintseva, Tatiana"]
[Black "Zhukova, Natalia"]
[Result "1-0"]
[WhiteElo "2476"]
[BlackElo "2451"]
[Annotator "Kosintseva,T"]
[PlyCount "107"]
[EventDate "2014.07.06"]
[EventType "swiss"]
[EventRounds "11"]
[EventCountry "BUL"]
[SourceTitle "CBM 162"]
[Source "ChessBase"]
[SourceDate "2014.09.17"]
[SourceVersion "1"]
[SourceVersionDate "2014.09.17"]
[SourceQuality "1"]

{This game was played in the final round. I absolutely had to win if I wanted
to be among the three prize-winners. For that reason I was feeling in a very
combattive mood before the start of the round.  Diese Partie wurde in der
letzten Runde gespielt. Um in die ersten drei Preisränge zu gelangen, musste
ich unbedingt gewinnen. Deshalb war ich vor Beginn der Runde äußerst
kämpferisch gestimmt.} 1. e4 Nf6 {The Alekhine Defence was a a surprise for me.
Natalia had played this opening previously, but recently she had only been
using it in rapid and blitz games! Judging by her choice of opening she was
also out for a full-blooded battle.  Die Aljechin-Verteidigung war eine
Überraschung für mich. Natalia hatte diese Eröffnung auch früher schon
gespielt, aber in letzter Zeit tat sie dies nur noch in Schnellpartien und im
Blitz! Ihrer Eröffnungswahl nach zu urteilen, war sie ebenfalls auf einen
vollen Kampf aus.} 2. e5 Nd5 3. d4 d6 4. Nf3 Bg4 5. Be2 e6 6. O-O Be7 7. c4 Nb6
8. exd6 ({The main variation here is Die Hauptvariante ist hier} 8. Nc3 O-O 9.
Be3 {, so as to maintain the tension in the centre. But during the game I
decided to choose a rarer line in order to get Black out of her preparation as
quickly as possible. , um die Spannung im Zentrum aufrechtzuerhalten. Aber
während der Partie traf ich den Entschluss, ein selteneres Abspiel zu wählen,
um Schwarz so schnell wie möglich aus der Vorbereitung zu bringen.}) 8... cxd6
9. Nc3 O-O 10. h3 Bh5 11. Be3 d5 {The thematic advance in the centre. Der
programmgemäße Vorstoß im Zentrum.} ({The normal developing move Der normale
Entwicklungszug} 11... Nc6 {here runs into trifft hier auf} 12. d5 {and White
would already have a better pawn structure. und schon hätte Weiß die bessere
Bauernstruktur.}) 12. c5 Bxf3 13. Bxf3 Nc4 14. Bf4 Nc6 15. b3 N4a5 {At this
point Black has at her disposal the specific plan to break up the queenside
with the advance b7-b6. But at the same time she has problems with her
a5-knight, which had been obliged to go to the edge of the board.  Schwarz
steht hier der konkrete Plan zur Verfügung, mit dem Vorstoß b7-b6 den
Damenflügel zu sprengen. Aber gleichzeitig hat sie Probleme mit dem Springer
a5, der an den Brettrand ausweichen musste.} 16. Rb1 b6 ({It was worth
considering Aufmerksamkeit verdiente} 16... Bf6 17. Ne2 b6 18. b4 Nc4 19. b5
Ne7 20. c6 {with unclear play. mit unklarem Spiel.}) 17. b4 Nc4 18. Be2 Bg5 ({
If Wenn} 18... Bf6 {, then , so} 19. Bxc4 dxc4 20. Bd6 Re8 21. Qe2 (21. d5 Nxb4
) 21... Nxd4 22. Qxc4 {with the initiative. mit Initiative.}) (18... Rc8 $5)
19. Bxg5 Qxg5 20. Bxc4 dxc4 21. b5 Ne7 22. Qe2 ({I did not like} 22. c6 {
on account of gefiel mir wegen} Rfd8 {, because it seems to me that I would
not manage to defend the d4-pawn quickly and advantageously. But the computer
is of a different opinion: nicht, denn es schien mir, als ob ich es nicht
schaffen würde, den Bauern d4 schnell und vorteilhaft zu verteidigen. Aber der
Computer ist anderer Meinung:} 23. Rb4 a6 24. c7 $1 (24. a4 axb5 25. axb5 Nd5
26. Rxc4 Nxc3 27. Rxc3 Qxb5 28. c7 Rdc8 $14) 24... Rdc8 25. Rxc4 axb5 26. f4 $1
Qg3 (26... Qf5 27. g4 $1 Qg6 28. Nxb5 $16) 27. Nxb5 Rxa2 28. Rc2 $16 {and in
view of the far-advanced c7-pawn, White can claim a superiority. und aufgrund
des weit vorgerückten Bauern c7 behauptet Weiß Übergewicht.}) 22... Nf5 {
A logical move. Black puts pressure on d4 and in addition there also appears
the resource ...Nh4. Ein logischer Zug. Schwarz drückt gegen d4 und dazu
taucht noch die Ressource ...Nh4 auf.} (22... Nd5 23. Ne4 (23. Qxc4 Nf4 24. g3
Nxh3+ 25. Kh2 Nf4 $13) 23... Qg6 24. Qf3 f5 25. Nc3 $36) (22... bxc5 $2 23. Ne4
Qd5 24. dxc5 f5 25. Nd6 $18) (22... Rfd8 23. Qxc4 (23. Rfd1 Nd5 24. Ne4 Qg6 25.
Qf3 Qf5) 23... Nf5 24. Ne2 Nh4 25. Ng3 $16) 23. Rfd1 ({Taking the pawn with
Das Schlagen des Bauern mit} 23. Qxc4 $2 {failed to scheiterte an} Nh4 24. g3
Nf3+ 25. Kg2 Nd2) 23... Rad8 24. Qe5 {This is the variation I had previously
been aiming for. Das ist die Variante, die ich schon vorher angestrebt hatte.}
({Interessant ist} 24. Qxc4 {is interesting:} Nh4 25. g3 bxc5 (25... Nf3+ 26.
Kg2 Nd2 27. h4 Qh6 28. Rxd2 Qxd2 29. Rd1 Qc2 30. c6 $36) 26. Qxc5 (26. dxc5
Nf3+ 27. Kg2 Nd2 28. Ne4 Nxe4 29. Qxe4 Qxc5 $14) 26... Nf3+ 27. Kg2 (27. Kh1 e5
$132) 27... Nh4+ 28. Kf1 Nf5 29. Qe5 $36) 24... Qh4 {It seems to me that this
is the key moment in the game. Possibly Black simply overlooked my reply.
After this my advantage takes on decisive proportions. Mir scheint, dies ist
der Schlüsselmoment der Partie. Möglicherweise hat Schwarz meinen Antwortzug
einfach übersehen. Danach nimmt mein Vorteil entscheidende Ausmaße an.} ({
She had to play Notwendig war} 24... h6 {with the threat ...Nxd4. After mit
der Drohung ...Nxd4. Nach} 25. d5 (25. c6 Nxd4 26. Qxg5 hxg5) 25... bxc5 26.
dxe6 Rxd1+ 27. Rxd1 Nd4 28. Qxg5 hxg5 29. exf7+ Kxf7 $14 {Black must equalise.
muss Schwarz ausgleichen.}) 25. d5 bxc5 26. dxe6 fxe6 (26... Rxd1+ 27. Rxd1
fxe6 28. Qxe6+ Kh8 29. Rd7 $18) 27. Qxe6+ Kh8 28. Rxd8 Qxd8 29. Qxc4 {White is
a pawn up and Black has no special compensation in return. Weiß hat einen
Bauern mehr und Schwarz keine besondere Kompensation dafür.} Qd4 {It was
probably worth keeping the queens on the board and thus making it harder for
White to convert her advantage, Wahrscheinlich lohnte es sich, die Damen auf
dem Brett zu behalten und Weiß so die Verwertung des Vorteils zu erschweren.} (
29... Qe7 $5) 30. Qxd4 cxd4 31. Ne4 {White has at her disposal quite a simple
winning plan: the king goes into the centre to d3 and then the b-pawn advances,
supported by the rook which is posted behind it and also by the knight. Weiß
verfügt über einen ziemlich einfachen Gewinnplan: der König geht ins Zentrum
nach d3, und dann rückt der b-Bauer vor, der vom dahinter postierten Turm
sowie dem Springer unterstützt wird.} h6 (31... Re8 32. f3 Rc8 33. a4 $18) 32.
a4 Rb8 33. Kf1 Ne7 34. Ke2 Nd5 35. Kd3 Rd8 (35... Nf4+ 36. Kxd4 Nxg2 37. a5 Nf4
38. b6 axb6 39. axb6 $18) 36. a5 Nf4+ 37. Kd2 Rb8 38. b6 axb6 39. axb6 Ne6 40.
b7 Kg8 41. Nd6 Nd8 (41... Nc5 42. Rb5 Nd7 43. Kd3 $18) (41... Kf8 42. Rc1 $18)
42. Kd3 ({A little trap was Eine kleine Falle war} 42. Rc1 Nxb7 43. Rb1 Rf8)
42... Kf8 43. Kxd4 Ke7 44. Kd5 Kd7 45. Rc1 ({Schneller gewann} 45. Ne4 {
won more quickly.}) 45... Ne6 46. Ke5 ({If Wenn} 46. Rc8 {, then , so} Nc7+ 47.
Ke5 Rxb7 {, although here too after , obwohl Weiß auch hier nach} 48. Rg8 {
White is also winning. auf Gewinn steht.}) 46... Nc7 47. f4 h5 48. g4 hxg4 49.
hxg4 g6 50. f5 gxf5 51. gxf5 Na6 52. f6 Nb4 53. Rc8 Nd3+ (53... Rxb7 54. Nxb7
Kxc8 55. f7 $18) (53... Nc6+ 54. Kd5 Nb4+ 55. Kc4 Nc6 56. f7 $18) 54. Kd4 1-0